| 000 | 00443nam a2200157 4500 | ||
|---|---|---|---|
| 003 | LK-CoMWRAF | ||
| 005 | 20231201121423.0 | ||
| 008 | 230912b |||||||| |||| 00| 0 eng d | ||
| 040 |
_aLK-CoMWRAF _dLK-CoMWRAF _eLK-CoMWRAF |
||
| 041 | _asin | ||
| 082 |
_a297.122 _bPAR |
||
| 245 | _aපාරිශුද්ධවූ අල්-කුර් ආන් | ||
| 246 | _aPaarishuddhawoo al-kuraan | ||
| 650 | _a-කුර් ආන් | ||
| 942 | _cBK | ||
| 999 |
_c3557 _d3557 |
||